A "Gyulai" márka ismertsége, vásárlási szokások

Bibliographic Details
Main Author: Barna Enikő
Other Authors: Szánthó Dr. Zsuzsanna
Format: Thesis
Kulcsszavak:Gyulai
Húsipar
Márka
Vásárlási szokások
Online Access:http://dolgozattar.uni-bge.hu/18733

MARC

LEADER 00000nta a2200000 i 4500
001 dolg18733
005 20200511041616.0
008 181203suuuu hu om 000 hun d
040 |a BGE Dolgozattár Repozitórium  |b hun 
041 |a hu 
100 1 |a Barna Enikő 
245 1 2 |a A "Gyulai" márka ismertsége, vásárlási szokások  |c Barna Enikő  |h [elektronikus dokumentum] 
695 |a Gyulai 
695 |a Húsipar 
695 |a Márka 
695 |a Vásárlási szokások 
700 1 |a Szánthó Dr. Zsuzsanna  |e ths 
856 4 0 |u http://dolgozattar.uni-bge.hu/18733/2/Barna%20E.pdf  |z Dokumentum-elérés 
856 4 0 |u http://dolgozattar.uni-bge.hu/18733/3/Barna%20Enik%C5%91.pdf  |z Dokumentum-elérés